|
|
|
|
| LEADER |
01140nam a2200301 i 4500 |
| 001 |
1015 |
| 003 |
BD-DhAAL |
| 005 |
20141231153133.0 |
| 008 |
141231s1977 sw b i000 0 eng |
| 010 |
|
|
|a 81462624
|
| 020 |
|
|
|a 918521406X
|
| 040 |
|
|
|a DLC
|c DLC
|d DLC
|d BD-DhAAL
|
| 050 |
0 |
0 |
|a HC59
|b .A796
|
| 082 |
0 |
0 |
|a 338.9
|2 19
|
| 245 |
0 |
0 |
|a Another development :
|b approaches and strategies /
|c Fernando Henrique Cardoso ... [et al.] ; edited by Marc Nerfin.
|
| 260 |
|
|
|a Uppsala :
|b Dag Hammarskjöld Foundation,
|c 1977.
|
| 300 |
|
|
|a 265 p. ;
|c 25 cm.
|
| 500 |
|
|
|a "Prepared in the context of the 1975 Dag Hammarskjöld Project."
|
| 504 |
|
|
|a Includes bibliographical references.
|
| 541 |
|
|
|e 1015
|
| 650 |
|
0 |
|a Economic history
|y 1971-1990.
|9 7074
|
| 650 |
|
0 |
|a Economic development.
|9 7075
|
| 650 |
|
0 |
|a Rural development.
|9 7076
|
| 700 |
1 |
|
|a Nerfin, Marc.
|9 7077
|
| 710 |
2 |
|
|a Dag Hammarskjöld Foundation.
|9 7078
|
| 942 |
|
|
|2 ddc
|c BK
|
| 999 |
|
|
|c 33376
|d 33376
|
| 952 |
|
|
|0 0
|1 0
|2 ddc
|4 0
|6 338_900000000000000_ANO
|7 0
|9 44600
|a BRACUL
|b BRACUL
|c GEN
|d 2014-12-31
|g 0.00
|l 0
|o 338.9 ANO
|p 3010001015
|r 2014-12-31
|t 1
|w 2014-12-31
|y BK
|z Not price in Register
|